000 00655nam a2200241Ia 4500
003 OSt
005 20220918182315.0
006 a|||||r|||| 00| 0
007 ta
008 220917b |||||||| |||| 00| 0 eng d
024 _a31,815
037 _cTextual
040 _aARTS
_cARTS
_beng
041 _2eng
_aeng
082 _aO111,1L57:g, L6
100 _aJenkins Herbert ed
_960002
245 0 _aWilliam Blake studies of his life
260 _aLondon
_bHerbert Jenkins UK
_c1976
300 _a110p.
_ccm.
650 _aENGLISH LITERATURE
942 _hO111,1L57:g, L6
_cTEXL
_2CC
999 _c168495
_d168495